000
00299nam a2200109 4500
999
_c
10293
_d
10293
008
180814b ||||| |||| 00| 0 eng d
245
_a
Health corner:
_b
Cancer and the heart.
260
_a
Philippines
_b
The Philippine Star
_c
c2017
300
_a
page E6.
650
0
_9
30368
_a
Health.
942
_2
ddc
_c
PER